Tilastot visalle Suomen kunnat

Klikkaa tästä pelataksesi tätä visaa!

Yleistilastot

  • Tätä visaa on pelattu 2 804 kertaa
    (1 551 viimeisimmän päivityksen jälkeen)
  • Keskiarvotulos 196 / 309

Vastaustilastot

Kunta% Oikein
Helsinki
88%
Espoo
87%
Ii
86%
Kuopio
84%
Akaa
83%
Jyväskylä
83%
Kemi
83%
Hämeenlinna
82%
Oulu
82%
Lahti
81%
Iisalmi
80%
Kokkola
80%
Pori
80%
Hamina
79%
Joensuu
79%
Kouvola
79%
Tampere
79%
Alavus
78%
Enontekiö
78%
Hanko
78%
Imatra
78%
Turku
78%
Alajärvi
77%
Heinola
77%
Inari
77%
Eura
76%
Forssa
76%
Kotka
76%
Kuusamo
76%
Lappeenranta
76%
Kaarina
75%
Kauniainen
75%
Kemijärvi
75%
Kerava
75%
Mikkeli
75%
Porvoo
75%
Rovaniemi
75%
Vantaa
75%
Hollola
74%
Hyvinkää
74%
Kittilä
74%
Naantali
74%
Eurajoki
73%
Haapajärvi
73%
Jämsä
73%
Järvenpää
73%
Kajaani
73%
Karkkila
73%
Vaasa
73%
Alavieska
72%
Asikkala
72%
Haapavesi
72%
Kalajoki
72%
Salo
72%
Aura
71%
Keuruu
71%
Kirkkonummi
71%
Lapua
71%
Maarianhamina
71%
Muonio
71%
Rauma
71%
Askola
70%
Inkoo
70%
Keminmaa
70%
Kristiinankaupunki
70%
Kuhmo
70%
Lohja
70%
Orivesi
70%
Seinäjoki
70%
Tornio
70%
Äänekoski
69%
Eckerö
69%
Hattula
69%
Heinävesi
69%
Iitti
69%
Kangasala
69%
Kitee
69%
Kolari
69%
Orimattila
69%
Ähtäri
68%
Evijärvi
68%
Ilmajoki
68%
Ilomantsi
68%
Janakkala
68%
Kauhava
68%
Kyyjärvi
68%
Loimaa
68%
Oulainen
68%
Raahe
68%
Savonlinna
68%
Ikaalinen
67%
Jokioinen
67%
Kauhajoki
67%
Kempele
67%
Kuortane
67%
Mäntsälä
67%
Brändö
66%
Hailuoto
66%
Humppila
66%
Isojoki
66%
Juupajoki
66%
Kankaanpää
66%
Kaustinen
66%
Lieto
66%
Loviisa
66%
Nokia
66%
Pello
66%
Salla
66%
Utsjoki
66%
Enonkoski
65%
Föglö
65%
Geta
65%
Hämeenkyrö
65%
Hankasalmi
65%
Hartola
65%
Huittinen
65%
Kaavi
65%
Karstula
65%
Kemiönsaari
65%
Kivijärvi
65%
Lempäälä
65%
Muurame
65%
Nurmijärvi
65%
Outokumpu
65%
Sipoo
65%
Uusikaupunki
65%
Harjavalta
64%
Joutsa
64%
Juva
64%
Kannonkoski
64%
Kaskinen
64%
Kurikka
64%
Raisio
64%
Ranua
64%
Riihimäki
64%
Sastamala
64%
Tuusula
64%
Ylivieska
64%
Ylöjärvi
64%
Halsua
63%
Hyrynsalmi
63%
Joroinen
63%
Juuka
63%
Kannus
63%
Karvia
63%
Keitele
63%
Masku
63%
Nurmes
63%
Parkano
63%
Pyhäjärvi
63%
Saarijärvi
63%
Tervo
63%
Jämijärvi
62%
Kiuruvesi
62%
Konnevesi
62%
Koski TL
62%
Kuhmoinen
62%
Kustavi
62%
Lapinlahti
62%
Lappajärvi
62%
Lieksa
62%
Merikarvia
62%
Nakkila
62%
Pietarsaari
62%
Posio
62%
Raasepori
62%
Sodankylä
62%
Ylitornio
62%
Finström
61%
Hammarland
61%
Hausjärvi
61%
Kinnula
61%
Laukaa
61%
Lemi
61%
Liminka
61%
Loppi
61%
Luumäki
61%
Närpiö
61%
Oripää
61%
Paimio
61%
Parainen
61%
Pornainen
61%
Pyhäjoki
61%
Somero
61%
Vihti
61%
Isokyrö
60%
Kökar
60%
Laitila
60%
Lumijoki
60%
Miehikkälä
60%
Mynämäki
60%
Pelkosenniemi
60%
Savukoski
60%
Siilinjärvi
60%
Tervola
60%
Varkaus
60%
Jomala
59%
Karijoki
59%
Kärsämäki
59%
Kihniö
59%
Kokemäki
59%
Kontiolahti
59%
Kumlinge
59%
Lapinjärvi
59%
Liperi
59%
Maalahti
59%
Mänttä-Vilppula
59%
Muhos
59%
Pielavesi
59%
Pihtipudas
59%
Pudasjärvi
59%
Pyhtää
59%
Suonenjoki
59%
Uusikaarlepyy
59%
Valkeakoski
59%
Hirvensalmi
58%
Kangasniemi
58%
Kärkölä
58%
Kruunupyy
58%
Laihia
58%
Multia
58%
Parikkala
58%
Puolanka
58%
Puumala
58%
Pyhäntä
58%
Siikajoki
58%
Sotkamo
58%
Tammela
58%
Ulvila
58%
Ypäjä
58%
Merijärvi
57%
Paltamo
57%
Pieksämäki
57%
Simo
57%
Suomussalmi
57%
Taivalkoski
57%
Vaala
57%
Korsnäs
56%
Lumparland
56%
Mäntyharju
56%
Marttila
56%
Mustasaari
56%
Myrskylä
56%
Padasjoki
56%
Pirkkala
56%
Rääkkylä
56%
Rautavaara
56%
Rautjärvi
56%
Reisjärvi
56%
Uurainen
56%
Virrat
56%
Lestijärvi
55%
Pyhäranta
55%
Rautalampi
55%
Ruovesi
55%
Siikalatva
55%
Siuntio
55%
Sysmä
55%
Tohmajärvi
55%
Urjala
55%
Veteli
55%
Viitasaari
55%
Lemland
54%
Luoto
54%
Nivala
54%
Pöytyä
54%
Säkylä
54%
Sievi
54%
Siikainen
54%
Sonkajärvi
54%
Teuva
54%
Utajärvi
54%
Vimpeli
54%
Virolahti
54%
Leppävirta
53%
Luhanka
53%
Pomarkku
53%
Ristijärvi
53%
Toholampi
53%
Tuusniemi
53%
Vesilahti
53%
Pälkäne
52%
Pukkila
52%
Punkalaidun
52%
Sauvo
52%
Soini
52%
Sottunga
52%
Sulkava
52%
Sund
52%
Taivassalo
52%
Tyrnävä
52%
Vehmaa
52%
Vieremä
52%
Vöyri
52%
Nousiainen
51%
Petäjävesi
51%
Savitaipale
51%
Taipalsaari
51%
Toivakka
51%
Pedersören kunta
50%
Rantasalmi
50%
Vårdö
50%
Vesanto
50%
Perho
49%
Polvijärvi
49%
Pertunmaa
48%
Ruokolahti
47%
Rusko
47%
Saltvik
46%

Tulosjakauma

Persentiili vastausten määrän mukaan

Jokaisen tuloksen saaneiden osuus

Tuloshistoriasi

Et ole pelannut tätä visaa sen viimeisimmän päivityksen jälkeen